00382nam a2200145Ia 4500008004100000020001500041041001200056082001100068100001600079245006600095260003700161300000900198650001400207700001500221221030s9999 xx 000 0 und d a8131705056 aEnglish a105.23 aJ. D. Foley 0aComputer Graphics - Principles & Practice Second Edition in C bPearson EducationaDelhic2007 a1158 aComputers aA. Van Dam